| 000 | 005600000a22002290004500 | ||
|---|---|---|---|
| 005 | 20120302053146.0 | ||
| 942 | _cBOOK | ||
| 100 | _a Franzer, J.G. | ||
| 245 | _a Passages of the bible | ||
| 250 | _a 2nd | ||
| 260 |
_aLondon: _bAdam and Chartes Black, _c1909 |
||
| 300 | _axix,512p | ||
| 040 | _aENG | ||
| 365 | _bRs. | ||
| 650 | _aReligion | ||
| 650 | _aChristian | ||
| 650 | _aChristianity-Religion | ||
| 650 | _aReligion-Christian-Bible | ||
| 650 | _aBible-Passage | ||
| 650 | _aCreation-World-Great Flood-Tower Babe | ||
| 650 | _aSaint-Glory | ||
| 999 |
_c342107 _d342104 |
||